LEADER 00918nam0 2200289 450 001 000020474 005 20081216092347.0 100 $a20081210d1972----km-y0itay50------ba 101 0 $aita 102 $aIT 105 $ay-------001yy 200 1 $aMetodi dell'analisi numerica$fMarco Cugiani 205 $a2. ed. 210 $aTorino$cUnione tipografico-editrice torinese$d1972 215 $aXX, 441 p.$d25 cm 225 2 $aCollezione di matematica applicata$v1 410 0$12001$aCollezione di matematica applicata 500 10$aMetodi dell'analisi numerica$947492 610 1 $aCalcolo degli errori 676 $a511.43$v17$9Aritmetica 676 $a511.43$v18$9Teoria degli errori 700 1$aCugiani,$bMarco$013849 801 0$aIT$bUNIPARTHENOPE$c20081210$gRICA$2UNIMARC 912 $a000020474 951 $aG 511/3$bG 126$cDSA$d2008 996 $aMetodi dell'analisi numerica$947492 997 $aUNIPARTHENOPE LEADER 04730nam 22006131 450 001 9910790877303321 005 20230803022337.0 010 $a1-57506-866-4 035 $a(CKB)2550000001151057 035 $a(EBL)3155688 035 $a(SSID)ssj0001062178 035 $a(PQKBManifestationID)11569538 035 $a(PQKBTitleCode)TC0001062178 035 $a(PQKBWorkID)11007634 035 $a(PQKB)10358401 035 $a(MiAaPQ)EBC3155688 035 $a(Au-PeEL)EBL3155688 035 $a(CaPaEBR)ebr10784048 035 $a(OCoLC)922991808 035 $a(EXLCZ)992550000001151057 100 $a20131021d2013 uy 0 101 0 $aeng 135 $aurcnu|||||||| 181 $ctxt 182 $cc 183 $acr 200 00$aFor our good always $estudies on the message and influence of Deuteronomy in honor of Daniel I. Block /$fedited by Jason S. DeRouchie, Jason Gile, and Kenneth J. Turner 210 1$aWinona Lake, Indiana :$cEisenbrauns,$d2013. 215 $a1 online resource (610 p.) 225 1 $aCritical Studies in the Hebrew Bible ;$vv.3 300 $aDescription based upon print version of record. 311 $a1-57506-285-2 320 $aIncludes bibliographical references and indexes. 327 $a""Contributors""; ""Foreword""; ""Preface""; ""The Publications of Daniel I. Block""; ""Overview and Bibliography""; ""Charlie Trimm""; ""Tributes from the Block Family""; ""Part 1 The Message of Deuteronomy""; ""Deuteronomy and Ancient Hebrew History Writing in Light of Ancient Chronicles and Treaties""; ""Alan Millard""; ""Because of the Wickedness of These Nations (Deut 9:45):""; ""The Canaanites Ethical or Not?""; ""Richard S. Hess""; ""Admonitory Examples in Hittite and Biblical Legal Contexts""; ""Harry A.; Hoffner Jr.""; ""These Are the Words Moses Spoke:"" 327 $a""Implied Audience and a Case For Pre-Monarchic Dating of Deuteronomy""""Peter T. Vogt""; ""Laws and Ethical Ideals in Deuteronomy""; ""Gordon J. Wenham""; ""Counting the Ten:""; ""An Investigation into the Numbering of the Decalogue""; ""Jason S. DeRouchie""; ""Keep These Words in Your Heart (Deut 6:6):""; ""A Spirituality of Torah in the Context of the Shema""; ""J. Gordon McConville""; ""The Rhetoric of Theophany""; ""The Imaginative Depiction of Horeb in Deuteronomy 9:10""; ""Jerry Hwang""; ""For Your Good Always"" 327 $a""Restraining the Rights of the Victor for the Well-Being of the Vulnerable (Deut 21:10-14)""""Rebekah Josberger""; ""Deuteronomy's Theology of Exile""; ""Kenneth J. Turner""; ""Part 2 The Influence of Deuteronomy""; ""The Impact of Deuteronomy on the Books of the Deuteronomistic History""; ""Michael A. Grisanti""; ""Deuteronomy and Isaiah""; ""H. G. M. Williamson""; ""The Enduring Word of the Lord in Deuteronomy and Jeremiah 36""; ""Michael Graves""; ""Deuteronomy and Ezekiel's Theology of Exile""; ""Jason Gile""; ""The Revealed Things"" 327 $a""Deuteronomy and the Epistemology of Job""""Christopher B. Ansberry""; ""Fear God and Keep His Commandments (Eccl 12:13)""; ""An Examination of Some Intertextual Relationships between Deuteronomy and Ecclesiastes""; ""Richard Schultz""; ""The Influence of Deuteronomy on Intercessory Prayers in Ezra and Nehemiah""; ""Gary V. Smith""; ""Testing God's Son""; ""Deuteronomy and Luke 4:1-13""; ""Grant R. Osborne""; ""Paul's Reading of Deuteronomy""; ""Law and Grace""; ""Douglas Moo""; ""Part 3 Lasting Significance of Deuteronomy""; ""Making the Ten Count"" 327 $a""Reflections on the Lasting Message of the Decalogue""""Jason S. DeRouchie""; ""Welcoming the Stranger""; ""Toward a Theology of Immigration in Deuteronomy""; ""M. Daniel Carroll R.""; ""Sermonizing in Deuteronomy, Jeremiah, and the 21st Century""; ""Elmer A. Martens""; ""The Prophet Who Is Like and Greater Than Moses""; ""A Sermon on Deuteronomy 18:15-22""; ""Daniel L. Akin""; ""Stealing Souls""; ""Human Trafficking and Deuteronomy 24:7""; ""Myrto Theocharous""; ""The Book of the Torah as a Gospel of Grace""; ""A Synthesis of Daniel I. Block's Biblical Theology of Deuteronomy"" 327 $a""Thomas H. McClendon Jr."" 410 0$aCritical Studies in the Hebrew Bible 606 $aDeuteronomistic history (Biblical criticism) 615 0$aDeuteronomistic history (Biblical criticism) 676 $a222/.1506 701 $aBlock$b Daniel I.$f1943-$01475643 701 $aDeRouchie$b Jason Shane$f1973-$01475644 701 $aGile$b Jason$01475645 701 $aTurner$b Kenneth J$0926858 801 0$bMiAaPQ 801 1$bMiAaPQ 801 2$bMiAaPQ 906 $aBOOK 912 $a9910790877303321 996 $aFor our good always$93689892 997 $aUNINA LEADER 01596nam0 22003733i 450 001 SBL0288102 005 20251003044351.0 020 $aIT$b82397 100 $a20130827d1981 ||||0itac50 ba 101 | $aita 102 $ait 181 1$6z01$ai $bxxxe 182 1$6z01$an 200 1 $aGiurisprudenza dell'adozione$ecasi e materiali$fa cura di Mario Bessone; raccolti da Massimo Dogliotti e Gilda Ferrando 210 $aMilano$dGiuffrè,1981 215 $a518 p.$d24 cm. 421 1$1001CFI0039338$12001 $aGiurisprudenza dell'adozione. Appendice di aggiornamento$eˆla ‰nuova legge sull'adozione$ecasi e materiali$fa cura di Mario Bessone$graccolti da Massimo Dogliotti e Gilda Ferrando 606 $aAdozione$xGiurisprudenza$2FIR$3CFIC059503$9I 676 $a346$9Diritto privato$v12 676 $a346.015$9Diritto di famiglia.$v19 676 $a346.0178$9$v21 676 $a346.450178$9DIRITTO DELLE PERSONE E DIRITTO DI FAMIGLIA. ITALIA$v21 676 $a362.734$9PROBLEMI E SERVIZI PER I GIOVANI. ADOZIONE$v21 702 1$aBessone$b, Mario$f <1940- >$3CFIV001011 702 1$aDogliotti$b, Massimo$3CFIV001440 702 1$aFerrando$b, Gilda$3CFIV001441 801 3$aIT$bIT-000000$c20130827 850 $aIT-BN0095 901 $bNAP 01$cD $n$ 912 $aSBL0288102 950 0$aBiblioteca Centralizzata di Ateneo$d 01D (AR) 10 379$e 01AR 0700103795 VMA 1 v.$fY $h20160504$i20160504 977 $a 01 996 $aGiurisprudenza dell'adozione$9582429 997 $aUNISANNIO